| 000 | 02919nam0a2200433 4500 | ||
|---|---|---|---|
| 001 | RU\NLR\BIBL_A\012734272 | ||
| 005 | 20220610181443.0 | ||
| 010 |
_a978-5-85824-224-6 _9900 |
||
| 021 |
_aRU _bКН-П-21-085826 _9КН-П-21-6832 |
||
| 035 | _a(NLR Aleph) 012734272 | ||
| 035 | _a(RuMoRGB)010912698 | ||
| 090 |
_a12982284 _c12982284 |
||
| 100 | _a20220321d2022 u y0rusy50 ca | ||
| 101 | 0 | _arus | |
| 102 | _aRU | ||
| 105 | _aac||z||||||z| | ||
| 181 | 1 |
_ai3 _baxxe |
|
| 182 | 1 | _an | |
| 200 | 1 |
_aДобровольцы _eсборник _fсост., прим., научные редакторы: доктор исторических наук Гагкуев Р. Г., доктор исторических наук Цветков В. Ж. _gпредисл. В.Ж. Цветков |
|
| 203 |
_aТекст _bвизуальный _cнепосредственный |
||
| 210 |
_aМосква _cБелые воины _cПосев _d2022 [т.е. 2021] |
||
| 215 |
_a409 с., [38] л. портр., цв. портр. _cцв. ил. _d22 |
||
| 225 | 1 |
_aВоенно-историческая серия "Белые воины" _fавт. проекта А.Н. Алексеев |
|
| 300 | _aКн. фактически изд. в 2021 г. | ||
| 320 | _aБиблиогр. в примеч. в конце ст | ||
| 320 | _aИмен. указ.: с. 403-407 | ||
| 330 | _aНовая двенадцатая книга серии <Белые воины> посвящена офицерам - добровольцам, участникам Гражданской войны в рядах армий Южного и Восточного фронтов Белого движения. В издании приведены подробные биографии двенадцати офицеров, фронтовиков Первой мировой войны, добровольцами вступивших в белые армии в 1918 г. Все они - кавалеры боевых орденов, в том числе и высшей офицерской награды - ордена Святого Георгия и Георгиевского оружия | ||
| 601 | 0 | 2 |
_aДобровольческая армия _c1917 - 1920 _xОфицерский состав _92395460 _3RU\NLR\AUTH\661428264 |
| 606 | 1 |
_aОфицеры _yРоссия _z1917 - 1922 _92549745 _3RU\NLR\AUTH\661508868 |
|
| 606 | 1 |
_a"Белое движение" _xДеятели _92429979 _3RU\NLR\AUTH\661446436 |
|
| 606 | 1 |
_aГражданская война и интервенция в СССР _z1918 - 1920 _9913573 _3RU\NLR\AUTH\6614464 |
|
| 675 |
_a355.48(47+57)<1918/1920>(092)(082) _v4 |
||
| 686 | 1 | _aЦ35(2)712-4,2д | |
| 686 | 1 | _aЦ4,8(2)243.1 | |
| 702 | 1 |
_aГагкуев _bР. Г. _f1975- _gРуслан Григорьевич _4220 |
|
| 942 | _cBOOK | ||
| 980 | _aNB | ||